La Biblioteca del Ateneo cuenta con 500.000 volúmenes : (Record no. 193688)

MARC details
000 -LEADER
campo de control de longitud fija 01071nab a2200253 i 4500
001 - NÚMERO DE CONTROL
campo de control 193688
003 - IDENTIFICADOR DE NÚMERO DE CONTROL
campo de control ES-MaACL
005 - FECHA Y HORA DE LA ÚLTIMA TRANSACCIÓN
campo de control 20250905063058.0
007 - CAMPO FIJO DE DESCRIPCIÓN FÍSICA--INFORMACIÓN GENERAL
campo de control de longitud fija t|
008 - DATOS DE LONGITUD FIJA--INFORMACIÓN GENERAL
campo de control de longitud fija 240206s1975 sp ||||1| spa d
040 ## - FUENTE DE CATALOGACIÓN
Centro catalogador/agencia de origen ES-MaACL
Lengua de catalogación spa
100 1# - ENTRADA PRINCIPAL--NOMBRE DE PERSONA
Nombre de persona Villar, Arturo del,
Fechas asociadas al nombre 1940-
Término indicativo de función/relación Autor
9 (RLIN) 115066
245 13 - MENCIÓN DEL TÍTULO
Título La Biblioteca del Ateneo cuenta con 500.000 volúmenes :
Resto del título bibliotecas de Madrid /
Mención de responsabilidad, etc. Arturo del Villar
260 ## - PUBLICACIÓN, DISTRIBUCIÓN, ETC.
Lugar de publicación, distribución, etc. [Madrid] :
Nombre del editor, distribuidor, etc. El Libro Español,
Fecha de publicación, distribución, etc. [1975]
300 ## - DESCRIPCIÓN FÍSICA
Extensión 4 páginas :
Otras características físicas ilustraciones ;
Dimensiones 30 cm
500 ## - NOTA GENERAL
Nota general Fotocopia del artículo de Arturo del Villar sobre la Biblioteca del Ateneo de Madrid, publicado en "El Libro español", enero de 1975, n. 205
500 ## - NOTA GENERAL
Nota general Con entrevista a María Ángeles Mazón de la Torre, entonces directora de la Biblioteca del Ateneo de Madrid
600 14 - PUNTO DE ACCESO ADICIONAL DE MATERIA--NOMBRE DE PERSONA
Nombre de persona Mazón de la Torre, María Ángeles,
Fechas asociadas al nombre 1916-
9 (RLIN) 79488
610 24 - PUNTO DE ACCESO ADICIONAL DE MATERIA--NOMBRE DE ENTIDAD CORPORATIVA
Nombre de entidad corporativa o nombre de jurisdicción como elemento de entrada Ateneo de Madrid.
Unidad subordinada Biblioteca
9 (RLIN) 1951
852 4# - LOCALIZACIÓN
Ubicación ES-MaACL
Ubicación en estantería Depósito folletos
Número de control de estantería 2347-F-52
itemnumber 201213
942 ## - ELEMENTOS DE ENTRADA SECUNDARIOS (KOHA)
Fuente del sistema de clasificación o colocación Clasificación decimal universal
Tipo de ítem Koha Artículo de revista
Suprimir en OPAC No
Holdings
Estatus retirado Estado de pérdida Fuente del sistema de clasificación o colocación Estado de daño No para préstamo Colección Biblioteca de origen Biblioteca actual Ubicación en estantería Fecha de adquisición Total de préstamos Signatura topográfica completa Código de barras Visto por última vez Tipo de ítem Koha
    Clasificación decimal universal     Fondo Ateneo de Madrid Biblioteca del Ateneo de Madrid Biblioteca del Ateneo de Madrid Depósito folletos 06/02/2024   2347-F-52 101206561 06/02/2024 Artículo de revista